Orestes

Guardat en:
Dades bibliogràfiques
Autor principal: Eurípides (Autor)
Format: Llibre
Idioma:espanyol
Publicat: Buenos Aires Espasa-Calpe 1946
Col·lecció:Austral, 653
Matèries:
Etiquetes: Afegir etiqueta
Sense etiquetes, Sigues el primer a etiquetar aquest registre!

MARC

LEADER 00000nam a2200000 a 4500
001 UCR3331
003 CL-VaPUC
008 980124e19460000AG |||||||||||||||||spa|d
082 0 4 |a 882  |b EUR  |2 21 
100 0 |a Eurípides  |e author  |9 269419 
245 1 0 |a Orestes 
246 1 0 |a Medea 
246 1 0 |a Andrómaca 
300 |a 166 p 
942 |c BK 
945 |d 19980124 00:00:00  |a aolguin 
260 |a Buenos Aires  |b Espasa-Calpe  |c 1946 
650 0 |a Tragedia griega  |9 265362 
650 7 |a LITERATURA GRIEGA  |2 CL-VaPUC  |9 258054 
583 |a last modification  |c 19980124 00:00:00  |k Rodrigo Vera 
490 0 |a Austral, 653 
999 |c 266414  |d 266412 
952 |0 0  |1 0  |4 0  |6 882_000000000000000_EUR_1946  |7 0  |8 R  |9 297985  |a BIBEDU  |b BIBEDU  |c MCIRC  |d 2019-11-20  |i 1938525  |o 882 EUR 1946  |p 1938525  |r 2023-01-13  |w 2019-11-20  |y BK_R  |k LIT